000 00229nam a2200097 4500
082 _aKHU
100 _aKhurmi, R.S
245 _aEngineering Mechanics and Strength of Material
260 _aNew Delhi:
_bS.Chand,
_c1985.
942 _cBK
999 _c13227
_d13227